Music Quiz

Random Music Quiz

ME! - Taylor Swift ft. Brendon Urie Quiz Stats

 Plays Quiz not verified by Sporcle

Support Sporcle.
Go Orange.
Score 0/282 Timer 10:00
0 Plays Today
Hint Answer % Correct
Intro: Taylor SwiftI
100%
on
100%
me
100%
Verse 1: Taylor I
100%
uhI
100%
I
100%
I
100%
of
100%
(And there's a lot of cool chicks out there)I
100%
I
100%
on
100%
I
100%
I
100%
of
100%
is
100%
of
100%
it
100%
to
100%
I
100%
Chorus: Taylor SwiftMe
100%
of
100%
me
100%
of
100%
me
100%
of
100%
you
100%
of
100%
you
100%
I
100%
you
100%
me
100%
Verse 2: Brendon & Taylor I
100%
I
100%
to
100%
it
100%
me
100%
I
100%
you
100%
you
100%
I
100%
you
100%
you
100%
me
100%
I
100%
you
100%
of
100%
is
100%
I
100%
it
100%
to
100%
I
100%
Chorus: Brendon, Taylor Me
100%
of
100%
me
100%
me
100%
you
100%
of
100%
you
100%
of
100%
you
100%
I
100%
you
100%
me
100%
I
100%
you
100%
is
100%
me
100%
I
100%
me
100%
you
100%
me
100%
promise
94.4%
that
94.4%
you'll
94.4%
never
94.4%
find
94.4%
another
94.4%
like
94.4%
know
94.4%
that
94.4%
I'm
94.4%
a
94.4%
baby
94.4%
know
94.4%
never
94.4%
and
94.4%
you're
94.4%
the
94.4%
the
94.4%
know
94.4%
that
94.4%
the
94.4%
and
94.4%
gonna
94.4%
Hint Answer % Correct
go
94.4%
(And there's a lot of cool chicks out there)
94.4%
Pre-Chorus: Taylor But
94.4%
one
94.4%
these
94.4%
things
94.4%
not
94.4%
like
94.4%
the
94.4%
like
94.4%
a
94.4%
with
94.4%
the
94.4%
baby
94.4%
a
94.4%
promise
94.4%
that
94.4%
you'll
94.4%
never
94.4%
find
94.4%
another
94.4%
one
94.4%
like
94.4%
ooh-ooh-ooh-oohI'm
94.4%
the
94.4%
one
94.4%
baby
94.4%
the
94.4%
Eeh-eeh-eeh, ooh-ooh-ooh-ooh you're
94.4%
the
94.4%
one
94.4%
baby
94.4%
the
94.4%
and
94.4%
promise
94.4%
that
94.4%
gonna
94.4%
love
94.4%
like
94.4%
know
94.4%
know
94.4%
never
94.4%
but
94.4%
never
94.4%
baby
94.4%
(And there's a lot of lame guys out there)and
94.4%
that
94.4%
the
94.4%
and
94.4%
never
94.4%
(And there's a lot of lame guys out there)
94.4%
one
94.4%
these
94.4%
things
94.4%
not
94.4%
like
94.4%
the
94.4%
your
94.4%
baby
94.4%
a
94.4%
promise
94.4%
that
94.4%
you'll
94.4%
never
94.4%
another
94.4%
one
94.4%
like
94.4%
ooh-ooh-ooh-ooh I'm
94.4%
the
94.4%
one
94.4%
Eeh-eeh-eeh, ooh-ooh-ooh-oohyou're
94.4%
the
94.4%
one
94.4%
baby
94.4%
the
94.4%
and
94.4%
promise
94.4%
that
94.4%
gonna
94.4%
love
94.4%
like
94.4%
no
94.4%
but
94.4%
know
94.4%
the
94.4%
promise
94.4%
that
94.4%
you'll
94.4%
never
94.4%
find
94.4%
another
94.4%
like
94.4%
And
94.4%
leave
88.9%
Hint Answer % Correct
others
88.9%
rainbow
88.9%
all
88.9%
colors
88.9%
when
88.9%
comes
88.9%
lover
88.9%
only
88.9%
that's
88.9%
fun
88.9%
only
88.9%
that's
88.9%
fun
88.9%
tend
88.9%
make
88.9%
about
88.9%
when
88.9%
out
88.9%
in
88.9%
rain
88.9%
others
88.9%
in
88.9%
when
88.9%
comes
88.9%
lover
88.9%
only
88.9%
only
88.9%
that's
88.9%
fun
88.9%
there
88.9%
in
88.9%
team
88.9%
there
88.9%
before
83.3%
jump
83.3%
went
83.3%
psycho
83.3%
phone
83.3%
well
83.3%
alone
83.3%
nobody's
83.3%
get
83.3%
we
83.3%
my
83.3%
winter
83.3%
am
83.3%
summer
83.3%
nobody's
83.3%
handful
77.8%
think
77.8%
enough
77.8%
trouble's
77.8%
follow
77.8%
where
77.8%
doll
77.8%
just
77.8%
what
77.8%
see
77.8%
will
77.8%
bore
77.8%
had
77.8%
fight
77.8%
ran
77.8%
after
77.8%
called
77.8%
name
77.8%
see
77.8%
livin'
77.8%
doll
77.8%
Bridge: Brendon, TaylorGirl
77.8%
ain't
77.8%
guy
72.2%
wanna
72.2%
walk
72.2%
away
72.2%
keep
72.2%
company
72.2%
strike
72.2%
band
72.2%
can't
72.2%
spell
72.2%
awesome
72.2%
without
72.2%
Type: choruschorus
72.2%
Type: outrooutro
72.2%
kind
66.7%
ladies
66.7%
want
66.7%
Pre-Chorus: Taylor & Brendon'Cause
66.7%
let
66.7%
1
66.7%
2
66.7%
3
66.7%
fine
16.7%

You're not logged in!

Compare scores with friends on all Sporcle quizzes.
OR
Log In

From the Vault

WWE PPV Opponents of Brock Lesnar

by svenmetenstra94

Anyone who doesn't imitate Paul Heyman when saying "Brock Lesnar" doesn't know how to say the name right.
Remove Ads.
Support Sporcle.
Get the best of Sporcle when you Go Orange. This ad-free experience offers more features, more stats, and more fun while also helping to support Sporcle. Thank you for becoming a member.

Show Comments

Extras

Created Feb 27, 2020ReportNominate

Top Quizzes Today


Score Distribution

Your Account Isn't Verified!

In order to create a playlist on Sporcle, you need to verify the email address you used during registration. Go to your Sporcle Settings to finish the process.

Report this User

Report this user for behavior that violates our Community Guidelines.

Details: